The security dilemma : (Record no. 11192)
[ view plain ]
| 000 -LEADER | |
|---|---|
| fixed length control field | 01795cam a22003378a 4500 |
| 001 - CONTROL NUMBER | |
| control field | 15124767 |
| 005 - DATE AND TIME OF LATEST TRANSACTION | |
| control field | 20080429143313.0 |
| 008 - FIXED-LENGTH DATA ELEMENTS--GENERAL INFORMATION | |
| fixed length control field | 071231s2008 nyu b 001 0 eng |
| 010 ## - LIBRARY OF CONGRESS CONTROL NUMBER | |
| LC control number | 2007052841 |
| 020 ## - INTERNATIONAL STANDARD BOOK NUMBER | |
| International Standard Book Number | 0333587448 (alk. paper) |
| 040 ## - CATALOGING SOURCE | |
| Original cataloging agency | DLC |
| Transcribing agency | DLC |
| Modifying agency | DLC |
| 050 00 - LIBRARY OF CONGRESS CALL NUMBER | |
| Classification number | JZ5588 |
| Item number | .B66 2008 |
| 082 00 - DEWEY DECIMAL CLASSIFICATION NUMBER | |
| Classification number | 355.033 |
| Edition number | 22 |
| Item number | BOO |
| 100 1# - MAIN ENTRY--PERSONAL NAME | |
| Personal name | Booth, Ken, |
| Dates associated with a name | 1943- |
| 9 (RLIN) | 3179 |
| 245 14 - TITLE STATEMENT | |
| Title | The security dilemma : |
| Remainder of title | fear, cooperation, and trust in world politics / |
| Statement of responsibility, etc | Ken Booth and Nicholas J Wheeler. |
| 260 ## - PUBLICATION, DISTRIBUTION, ETC. (IMPRINT) | |
| Place of publication, distribution, etc | New York : |
| Name of publisher, distributor, etc | Palgrave Macmillan, |
| Date of publication, distribution, etc | 2008. |
| 263 ## - PROJECTED PUBLICATION DATE | |
| Projected publication date | 0801 |
| 300 ## - PHYSICAL DESCRIPTION | |
| Extent | 364p.; |
| Dimensions | 22 cm. |
| 504 ## - BIBLIOGRAPHY, ETC. NOTE | |
| Bibliography, etc | Includes bibliographical references:p.309-352 and index. |
| 505 0# - FORMATTED CONTENTS NOTE | |
| Formatted contents note | Foreward / by John H. Herz -- Introduction -- What is the security dilemma? -- Anarchy -- Uncertainty -- Weapons -- Fear -- Society -- Norms -- Regimes -- Cooperation -- Community -- Reform -- Transformation -- Trust -- Conclusion -- The security dilemma in the 21st century -- Beyond the security dilemma -- Bibliography -- Index. |
| 650 #0 - SUBJECT ADDED ENTRY--TOPICAL TERM | |
| Topical term or geographic name as entry element | Security, International. |
| 9 (RLIN) | 3180 |
| 650 #0 - SUBJECT ADDED ENTRY--TOPICAL TERM | |
| Topical term or geographic name as entry element | Terrorism. |
| 9 (RLIN) | 3181 |
| 650 #0 - SUBJECT ADDED ENTRY--TOPICAL TERM | |
| Topical term or geographic name as entry element | World politics |
| Chronological subdivision | 2005- |
| 9 (RLIN) | 3182 |
| 700 1# - ADDED ENTRY--PERSONAL NAME | |
| Personal name | Wheeler, Nicholas J. |
| 9 (RLIN) | 3183 |
| 856 42 - ELECTRONIC LOCATION AND ACCESS | |
| Materials specified | Contributor biographical information |
| Uniform Resource Identifier | <a href="http://www.loc.gov/catdir/enhancements/fy0807/2007052841-b.html">http://www.loc.gov/catdir/enhancements/fy0807/2007052841-b.html</a> |
| 856 42 - ELECTRONIC LOCATION AND ACCESS | |
| Materials specified | Publisher description |
| Uniform Resource Identifier | <a href="http://www.loc.gov/catdir/enhancements/fy0807/2007052841-d.html">http://www.loc.gov/catdir/enhancements/fy0807/2007052841-d.html</a> |
| 856 41 - ELECTRONIC LOCATION AND ACCESS | |
| Materials specified | Table of contents only |
| Uniform Resource Identifier | <a href="http://www.loc.gov/catdir/enhancements/fy0807/2007052841-t.html">http://www.loc.gov/catdir/enhancements/fy0807/2007052841-t.html</a> |
| 942 ## - ADDED ENTRY ELEMENTS (KOHA) | |
| Source of classification or shelving scheme | Dewey Decimal Classification |
| Item type | Book - Borrowing |
| Withdrawn status | Item status | Source of classification or shelving scheme | Damaged status | Not for loan | Vendor | Home library | Current library | Shelving location | Date acquired | Source of acquisition | Cost, normal purchase price | Serial Enumeration / chronology | Total Checkouts | Total Renewals | Full call number | Barcode | Date last seen | Date last borrowed | Koha item type |
|---|---|---|---|---|---|---|---|---|---|---|---|---|---|---|---|---|---|---|---|
| Dewey Decimal Classification | Baccah | Central Library | Central Library | First floor | 05/04/2009 | 280.00 | 7371 | 7 | 59 | 355.033 BOO | 000015850 | 15/07/2025 | 13/11/2021 | Book - Borrowing |